000
00257nam a2200097Ia 4500
008
190216s9999||||xx |||||||||||||| ||und||
100
_a
William D Marakkal Roy
245
0
_a
Kosha Physiologyum Sasya Resathanthravum
260
_b
Kerala Basha Inst
942
_c
BK
999
_c
37630
_d
37630